000 004470000a22001810004500
003 MACL
005 20160124124051.0
008 160124b xxu||||| |||| 00| 0 eng d
040 _aMACL
_cMACL
041 _aEnglish
082 _a590/SHA
100 _aSharma, S.K
_915411
245 _aObjective Question Bank In Zoology
260 _bKrishna Prakashan
_c2002
_aMeerut
350 _a480
650 _aAnimals
_934450
942 _cBK
_k590/Sha
_2ddc
999 _c31679
_d31679